A greener city (Record no. 82127)
[ view plain ]
| 000 -LEADER | |
|---|---|
| fixed length control field | 01230cad a22002175a 4500 |
| 001 - CONTROL NUMBER | |
| control field | L149310 |
| 008 - FIXED-LENGTH DATA ELEMENTS--GENERAL INFORMATION | |
| fixed length control field | 090720s2009 xxk 000 0 eng u |
| 035 ## - SYSTEM CONTROL NUMBER | |
| System control number | (Sirsi) u149310 |
| 041 0# - LANGUAGE CODE | |
| Language code of text/sound track or separate title | eng |
| 100 1# - MAIN ENTRY--PERSONAL NAME | |
| Personal name | Wilkinson, Sara J |
| 245 02 - TITLE STATEMENT | |
| Title | A greener city |
| Remainder of title | sustainability through commercial building refurbishment in the Melbourne CBD |
| Medium | [electronic resource] |
| 260 ## - PUBLICATION, DISTRIBUTION, ETC. | |
| Date of publication, distribution, etc. | 2010 |
| 490 #4 - SERIES STATEMENT | |
| Series statement | The Journal |
| -- | RICS Building Surveying Journal |
| Volume/sequential designation | March/April 2010, 14-16(3) |
| 520 ## - SUMMARY, ETC. | |
| Summary, etc. | Melbourne aims to be carbon neutral by 2020 and is being proactive by setting a target to sustainably refurbish 1,200 commercial buildings. With an estimated AUD$267bn of new commercial property to be built before 2018, the performance gap between new and existing Australian stock will widen further. The 423million m2 of existing stock is ageing and because new stock will be sustainable, the rate of ageing will increase. |
| 590 ## - LOCAL NOTE (RLIN) | |
| Local note | KA |
| 651 #4 - SUBJECT ADDED ENTRY--GEOGRAPHIC NAME | |
| Geographic name | Australia |
| 690 ## - LOCAL SUBJECT ADDED ENTRY--TOPICAL TERM (OCLC, RLIN) | |
| Topical term or geographic name as entry element | BUILT ENVIRONMENT-SUSTAINABLE CONSTRUCTION |
| 690 ## - LOCAL SUBJECT ADDED ENTRY--TOPICAL TERM (OCLC, RLIN) | |
| Topical term or geographic name as entry element | ENVIRONMENTAL AND LAND CONSULTANCY-SUSTAINABILITY |
| 856 41 - ELECTRONIC LOCATION AND ACCESS | |
| Uniform Resource Identifier | <a href="https://www.rics.org/site/download_feed.aspx?fileID=5880&fileExtension=PDF">https://www.rics.org/site/download_feed.aspx?fileID=5880&fileExtension=PDF</a> |
| Public note | View this item (member-only access) at www.rics.org |
| 942 ## - ADDED ENTRY ELEMENTS (KOHA) | |
| Suppress in OPAC | 0 |
| Withdrawn status | Lost status | Source of classification or shelving scheme | Damaged status | Not for loan | Home library | Current library | Shelving location | Date acquired | Total Checkouts | Full call number | Barcode | Date last seen | Copy number | Price effective from | Koha item type |
|---|---|---|---|---|---|---|---|---|---|---|---|---|---|---|---|
| Dewey Decimal Classification | Virtual | Virtual | Online | 18/02/2010 | ONLINE PUBLICATION | 149310-2001 | 06/08/2019 | 1 | 06/08/2019 | Journal article |